[Event "Moscow op-A 17th"]
[Site "Moscow"]
[Date "2021.02.25"]
[Round "6"]
[White "Chuklin, Ivan"]
[Black "Yurasov, Matfey"]
[Result "1-0"]
[WhiteElo "2181"]
[BlackElo "1402"]
[PlyCount "43"]
[EventDate "2021.02.20"]
[EventType "swiss"]
[EventRounds "9"]
[EventCountry "RUS"]
[SourceTitle "CBM 200 Extra"]
[Source "ChessBase"]
[SourceDate "2021.03.31"]
[SourceVersion "1"]
[SourceVersionDate "2021.03.31"]
[SourceQuality "1"]

1. e4 c5 2. Nf3 Nc6 3. d4 cxd4 4. Nxd4 e6 5. Nb5 d6 6. c4 a6 7. N5c3 Nf6 8. Be2 Be7 9. 0-0 Bd7 10. Be3 Qa5 11. Nd2 Rb8 12. a3 h6 13. b4 Qe5 14. Rc1 Nd4 15. Bd3 Nc6 16. b5 axb5 17. cxb5 Na5 18. Be2 Nh7 19. f4 Qf6 20. e5 Qf5 21. Nde4 Nf8 22. Nxd6+ 1-0

[Event "Voronezh op-B 23rd"]
[Site "Voronezh"]
[Date "2019.06.20"]
[Round "9"]
[White "Chuklin, Ivan"]
[Black "Khripachenko, Alexander"]
[Result "1-0"]
[WhiteElo "1978"]
[BlackElo "1838"]
[PlyCount "63"]
[EventDate "2019.06.12"]
[EventType "swiss"]
[EventRounds "9"]
[EventCountry "RUS"]
[SourceTitle "EXT 2020"]
[Source "ChessBase"]
[SourceDate "2019.10.17"]
[SourceVersion "1"]
[SourceVersionDate "2019.10.17"]
[SourceQuality "1"]

1. e4 c5 2. Nf3 d6 3. d4 cxd4 4. Nxd4 Nf6 5. Nc3 g6 6. Be3 Bg7 7. f3 h5 8. Qd2 a6 9. Be2 Qc7 10. Nd5 Nxd5 11. exd5 Nd7 12. c4 Nf6 13. 0-0 0-0 14. Rac1 b6 15. Bd3 Bd7 16. h3 Ne8 17. Bf2 Bf6 18. f4 Ng7 19. Be3 Qc8 20. Kh2 Rb8 21. Qf2 Re8 22. b3 a5 23. Rce1 Ra8 24. f5 Be5+ 25. Kh1 Bxd4 26. Bxd4 Nxf5 27. Bxf5 Bxf5 28. g4 e5 29. dxe6 Qc6+ 30. Kh2 hxg4 31. hxg4 Bxe6 32. Rxe6 1-0

[Event "Voronezh op-B 23rd"]
[Site "Voronezh"]
[Date "2019.06.19"]
[Round "8"]
[White "Maraktanov, Andrey"]
[Black "Chuklin, Ivan"]
[Result "0-1"]
[WhiteElo "1787"]
[BlackElo "1978"]
[PlyCount "52"]
[EventDate "2019.06.12"]
[EventType "swiss"]
[EventRounds "9"]
[EventCountry "RUS"]
[SourceTitle "EXT 2020"]
[Source "ChessBase"]
[SourceDate "2019.10.17"]
[SourceVersion "1"]
[SourceVersionDate "2019.10.17"]
[SourceQuality "1"]

1. d4 Nf6 2. c4 g6 3. Nc3 d5 4. cxd5 Nxd5 5. e4 Nxc3 6. bxc3 Bg7 7. Nf3 c5 8. Be3 Qa5 9. Qd2 0-0 10. Rb1 a6 11. Ne5 b5 12. Bd3 Rd8 13. Rd1 Bxe5 14. dxe5 c4 15. Bd4 cxd3 16. h4 h5 17. f4 Nc6 18. f5 Nxd4 19. fxg6 Nc2+ 20. Kf1 fxg6 21. Qg5 Rf8+ 22. Kg1 Qb6+ 23. Kh2 Ne3 24. Rxd3 Ng4+ 25. Kh3 Nxe5+ 26. Kh2 Nxd3 0-1

[Event "Voronezh op-B 23rd"]
[Site "Voronezh"]
[Date "2019.06.15"]
[Round "4"]
[White "Al Azmi, Khalaf"]
[Black "Chuklin, Ivan"]
[Result "0-1"]
[WhiteElo "1738"]
[BlackElo "1978"]
[PlyCount "68"]
[EventDate "2019.06.12"]
[EventType "swiss"]
[EventRounds "9"]
[EventCountry "RUS"]
[SourceTitle "EXT 2020"]
[Source "ChessBase"]
[SourceDate "2019.10.17"]
[SourceVersion "1"]
[SourceVersionDate "2019.10.17"]
[SourceQuality "1"]

1. e4 c5 2. Nf3 d6 3. d4 cxd4 4. Nxd4 Nf6 5. Nc3 a6 6. Be2 e5 7. Nb3 Be7 8. 0-0 0-0 9. Be3 Be6 10. Nd5 Bxd5 11. exd5 Nbd7 12. c4 Rc8 13. Rc1 Ne8 14. Bd3 g6 15. Bh6 Ng7 16. Nd2 Bg5 17. Bxg5 Qxg5 18. Ne4 Qe7 19. b4 f5 20. Ng3 Qh4 21. Qb3 f4 22. Ne4 f3 23. Ng3 fxg2 24. Kxg2 Nf6 25. h3 Nfh5 26. Rh1 Qd4 27. Rhf1 Nf4+ 28. Kg1 Nxd3 29. Rcd1 e4 30. c5 Rxf2 31. Rxd3 Rxf1+ 32. Kxf1 exd3 33. Kg2 Rf8 34. Nh1 Qe4+ 0-1

[Event "Voronezh op-B 23rd"]
[Site "Voronezh"]
[Date "2019.06.12"]
[Round "1"]
[White "Chuklin, Ivan"]
[Black "Shakhov, Dmitriy"]
[Result "1/2-1/2"]
[WhiteElo "1978"]
[BlackElo "1624"]
[PlyCount "115"]
[EventDate "2019.06.12"]
[EventType "swiss"]
[EventRounds "9"]
[EventCountry "RUS"]
[SourceTitle "EXT 2020"]
[Source "ChessBase"]
[SourceDate "2019.10.17"]
[SourceVersion "1"]
[SourceVersionDate "2019.10.17"]
[SourceQuality "1"]

1. e4 c5 2. Nf3 Nc6 3. d4 cxd4 4. Nxd4 g6 5. c4 Bg7 6. Be3 Nf6 7. Nc3 Ng4 8. Qxg4 Nxd4 9. Qd1 Ne6 10. Rc1 0-0 11. Be2 d6 12. 0-0 b6 13. Qd2 Bb7 14. f3 a5 15. b3 Nc5 16. Qc2 f5 17. exf5 gxf5 18. f4 Rb8 19. a3 Qe8 20. b4 axb4 21. axb4 Ne4 22. Nd5 Bxd5 23. cxd5 Nc3 24. Qd3 Na2 25. Rc7 Qd8 26. Ra7 Ra8 27. Rxa8 Qxa8 28. Qb3 Nc3 29. Bf3 b5 30. Rc1 Rc8 31. h3 Qa4 32. Qc2 Qxc2 33. Rxc2 Rc4 34. Rb2 Nd1 35. Ra2 Nxe3 36. Ra8+ Bf8 37. Kf2 Nc2 38. g4 Rxf4 39. Kg3 Rxb4 40. gxf5 Nd4 41. Bg4 Nc2 42. f6 Rxg4+ 43. Kxg4 Ne3+ 44. Kf3 Nxd5 45. fxe7 Nxe7 46. Rb8 Nc6 47. Rb6 Ne5+ 48. Ke4 Nd7 49. Rxb5 Nf6+ 50. Kf5 Kf7 51. Rb7+ Be7 52. Ra7 d5 53. Ke5 Nh5 54. Kxd5 Nf4+ 55. Ke4 Nxh3 56. Ra5 Kg6 57. Kf3 Ng5+ 58. Rxg5+ 1/2-1/2